[Event "CZE-chT2F 1415"]
[Site "Czech Republic"]
[Date "2015.03.15"]
[Round "9.52"]
[White "Surman, Martin"]
[Black "Obsivac, Josef"]
[Result "1-0"]
[WhiteElo "2209"]
[BlackElo "2281"]
[PlyCount "55"]
[EventDate "2014.11.02"]
[EventType "team-tourn"]
[EventRounds "11"]
[EventCountry "CZE"]
[SourceTitle "EXT 2022"]
[Source "ChessBase"]
[SourceDate "2021.10.06"]
[SourceVersion "1"]
[SourceVersionDate "2021.10.06"]
[SourceQuality "1"]
[WhiteTeam "Mosty u Jablunkova"]
[BlackTeam "Grygov II"]
[WhiteTeamCountry "CZE"]
[BlackTeamCountry "CZE"]

1. e4 e6 2. d4 d5 3. Nc3 a6 4. Nf3 Nf6 5. Bd3 Nc6 6. 0-0 Nb4 7. exd5 Nbxd5 8. Nxd5 exd5 9. Re1+ Be7 10. Qe2 Bg4 11. Bg5 Kf8 12. Qe3 Bh5 13. Ne5 Bg6 14. Re2 Bxd3 15. Qxd3 h6 16. Bh4 g5 17. Bg3 Bd6 18. h4 Kg7 19. Qf3 Qg8 20. c4 b6 21. Rc1 Re8 22. c5 bxc5 23. dxc5 Bf8 24. Ng4 Ne4 25. Rxe4 dxe4 26. Qc3+ Kg6 27. h5+ Kf5 28. Ne3+ 1-0

[Event "CZE-chT2F 1415"]
[Site "Czech Republic"]
[Date "2015.01.25"]
[Round "6.42"]
[White "Vesely, Libor"]
[Black "Surman, Martin"]
[Result "1/2-1/2"]
[WhiteElo "2197"]
[BlackElo "2209"]
[PlyCount "75"]
[EventDate "2014.11.02"]
[EventType "team-tourn"]
[EventRounds "11"]
[EventCountry "CZE"]
[SourceTitle "EXT 2022"]
[Source "ChessBase"]
[SourceDate "2021.10.06"]
[SourceVersion "1"]
[SourceVersionDate "2021.10.06"]
[SourceQuality "1"]
[WhiteTeam "Poruba Slavoj II"]
[BlackTeam "Mosty u Jablunkova"]
[WhiteTeamCountry "CZE"]
[BlackTeamCountry "CZE"]

1. e4 c5 2. Nf3 Nc6 3. d4 cxd4 4. Nxd4 d5 5. exd5 Qxd5 6. Be3 e6 7. a3 Nxd4 8. Qxd4 Nf6 9. Nc3 Qxd4 10. Bxd4 a6 11. Be2 Bd7 12. Bf3 Bc6 13. Bxc6+ bxc6 14. 0-0-0 0-0-0 15. Na4 Be7 16. c4 Nd7 17. f3 e5 18. Bf2 Nb8 19. Bg3 f6 20. Kc2 Rxd1 21. Rxd1 Rd8 22. Rxd8+ Kxd8 23. Kd3 Nd7 24. Be1 f5 25. h3 Bd6 26. b4 Ke7 27. Bf2 h5 28. Nb6 Nxb6 29. Bxb6 Kd7 30. Be3 Ke6 31. Bd2 Bc7 32. a4 Bd8 33. Be3 g5 34. g4 e4+ 35. Ke2 f4 36. Bd4 hxg4 37. hxg4 e3 38. a5 1/2-1/2

[Event "Lubawka op 3rd"]
[Site "Lubawka"]
[Date "2008.07.07"]
[Round "4"]
[White "Korpalski, Robert"]
[Black "Surman, Martin"]
[Result "1/2-1/2"]
[WhiteElo "2172"]
[BlackElo "2120"]
[PlyCount "69"]
[EventDate "2008.07.05"]
[EventType "swiss"]
[EventRounds "9"]
[EventCountry "POL"]
[SourceTitle "CBM 125 Extra"]
[Source "ChessBase"]
[SourceDate "2008.09.01"]
[SourceVersion "1"]
[SourceVersionDate "2008.09.01"]
[SourceQuality "1"]

1. Nf3 c5 2. g3 Nf6 3. Bg2 d5 4. d3 Bf5 5. 0-0 h6 6. c4 e6 7. Ne5 Nbd7 8. Nxd7 Qxd7 9. cxd5 exd5 10. e4 dxe4 11. dxe4 Qxd1 12. Rxd1 Bxe4 13. Re1 0-0-0 14. Nc3 Bxg2 15. Kxg2 Nd5 16. Nxd5 Rxd5 17. Bf4 g5 18. Re5 Rxe5 19. Bxe5 Rg8 20. b4 b6 21. Rc1 Kd7 22. Rd1+ Ke6 23. Bb8 cxb4 24. Rd8 a5 25. Bc7 a4 26. Bxb6 f5 27. Bc5 Kf7 28. Rd7+ Ke6 29. Rd8 b3 30. Bxf8 b2 31. Re8+ Kf7 32. Re7+ Kg6 33. Re6+ Kf7 34. Rb6 Rxf8 35. Rxb2 1/2-1/2

[Event "Szklarska Poreba op"]
[Site "Szklarska Poreba"]
[Date "2008.06.27"]
[Round "9.6"]
[White "Dragun, Kamil"]
[Black "Surman, Martin"]
[Result "0-1"]
[WhiteElo "2229"]
[BlackElo "2104"]
[PlyCount "62"]
[EventDate "2008.06.21"]
[EventType "swiss"]
[EventRounds "9"]
[EventCountry "POL"]
[SourceTitle "EXT 2023"]
[Source "ChessBase"]
[SourceDate "2022.10.05"]
[SourceVersion "1"]
[SourceVersionDate "2022.10.05"]
[SourceQuality "1"]

1. e4 c5 2. Nf3 Nc6 3. d4 cxd4 4. Nxd4 d5 5. Bb5 dxe4 6. Nxc6 Qxd1+ 7. Kxd1 a6 8. Nd4+ axb5 9. Nxb5 Bg4+ 10. Ke1 0-0-0 11. N1c3 e5 12. Be3 Nf6 13. h3 Be6 14. b3 Bb4 15. Ke2 Nd5 16. Nxd5 Rxd5 17. c4 Rd7 18. Rhc1 f5 19. Bb6 Rd2+ 20. Kf1 f4 21. c5 e3 22. c6 bxc6 23. a3 Kb7 24. axb4 Kxb6 25. Nc3 Bxb3 26. Ne4 Rhd8 27. fxe3 fxe3 28. Nc5 Rf2+ 29. Ke1 Ba2 30. Na4+ Kb7 31. Nc3 Bc4 0-1

[Event "Szklarska Poreba op"]
[Site "Szklarska Poreba"]
[Date "2008.06.26"]
[Round "7.9"]
[White "Chomski, Maciej"]
[Black "Surman, Martin"]
[Result "0-1"]
[WhiteElo "1736"]
[BlackElo "2104"]
[PlyCount "120"]
[EventDate "2008.06.21"]
[EventType "swiss"]
[EventRounds "9"]
[EventCountry "POL"]
[SourceTitle "EXT 2023"]
[Source "ChessBase"]
[SourceDate "2022.10.05"]
[SourceVersion "1"]
[SourceVersionDate "2022.10.05"]
[SourceQuality "1"]

1. e4 c5 2. Nf3 d6 3. d4 cxd4 4. Nxd4 Nf6 5. Nc3 Bd7 6. Be2 Nc6 7. Be3 Nxd4 8. Bxd4 e5 9. Be3 Bc6 10. f3 Be7 11. 0-0 0-0 12. Bc4 a6 13. Nd5 Nxd5 14. Bxd5 Kh8 15. c3 f5 16. exf5 Rxf5 17. Qd3 Qd7 18. Rad1 Raf8 19. Be4 Bxe4 20. Qxe4 Qc6 21. Qd5 Qc7 22. Qe4 h6 23. f4 exf4 24. Rxf4 d5 25. Qxf5 Rxf5 26. Rxf5 Bc5 27. Bxc5 Qxc5+ 28. Kh1 Qc4 29. a3 Qe2 30. Rfxd5 Qxb2 31. Rd7 b5 32. h3 Qxa3 33. Ra7 a5 34. Rd8+ Kh7 35. Rda8 a4 36. c4 Qc1+ 37. Kh2 Qf4+ 38. Kh1 Qxc4 39. Ra6 h5 40. R8a7 h4 41. Kg1 Qe2 42. Kh1 Qe1+ 43. Kh2 Qf1 44. Ra5 Qf4+ 45. Kh1 Qc1+ 46. Kh2 Qc4 47. R5a6 Qf4+ 48. Kh1 Qg3 49. Ra5 Qe1+ 50. Kh2 Qe5+ 51. Kh1 Kh6 52. Kg1 Kg5 53. Kf2 Kf4 54. Rf7+ Ke4 55. Rfa7 Kd3 56. R5a6 Kc3 57. Rc6+ Kb3 58. Rac7 a3 59. Rc5 Qd4+ 60. Ke2 b4 0-1

[Event "Szklarska Poreba op"]
[Site "Szklarska Poreba"]
[Date "2008.06.25"]
[Round "6.9"]
[White "Surman, Martin"]
[Black "Demidowicz, Maria"]
[Result "1/2-1/2"]
[WhiteElo "2104"]
[BlackElo "2026"]
[PlyCount "98"]
[EventDate "2008.06.21"]
[EventType "swiss"]
[EventRounds "9"]
[EventCountry "POL"]
[SourceTitle "EXT 2023"]
[Source "ChessBase"]
[SourceDate "2022.10.05"]
[SourceVersion "1"]
[SourceVersionDate "2022.10.05"]
[SourceQuality "1"]

1. e4 c5 2. Nf3 d6 3. c4 Nc6 4. d4 cxd4 5. Nxd4 Nf6 6. Nc3 e6 7. Be3 Be7 8. Be2 0-0 9. 0-0 a6 10. Rc1 Bd7 11. Kh1 Qc7 12. f3 Rac8 13. Nd5 exd5 14. cxd5 Qa5 15. dxc6 bxc6 16. Qd3 c5 17. Nb3 Qb5 18. Qd2 Qb7 19. e5 dxe5 20. Bxc5 Bb5 21. Bxe7 Qxe7 22. Rfe1 Rfd8 23. Rxc8 Rxc8 24. Bxb5 axb5 25. Qe2 Qa7 26. a3 Qa4 27. Rc1 Rxc1+ 28. Nxc1 h6 29. Na2 Nd5 30. g3 Qd4 31. Nc1 Nf6 32. Nb3 Qd5 33. Nd2 Qd4 34. Ne4 Nxe4 35. fxe4 g6 36. Qc2 Qe3 37. Kg2 h5 38. b3 g5 39. a4 bxa4 40. bxa4 g4 41. a5 Qf3+ 42. Kg1 Qe3+ 43. Kf1 Qf3+ 44. Kg1 Qe3+ 45. Qf2 Qxe4 46. a6 Qb1+ 47. Kg2 Qe4+ 48. Kg1 Qb1+ 49. Kg2 Qe4+ 1/2-1/2

[Event "Szklarska Poreba op"]
[Site "Szklarska Poreba"]
[Date "2008.06.22"]
[Round "1.15"]
[White "Belkner, Piotr"]
[Black "Surman, Martin"]
[Result "0-1"]
[WhiteElo "1630"]
[BlackElo "2104"]
[PlyCount "58"]
[EventDate "2008.06.21"]
[EventType "swiss"]
[EventRounds "9"]
[EventCountry "POL"]
[SourceTitle "EXT 2023"]
[Source "ChessBase"]
[SourceDate "2022.10.05"]
[SourceVersion "1"]
[SourceVersionDate "2022.10.05"]
[SourceQuality "1"]

1. e4 c5 2. Nf3 e6 3. d4 cxd4 4. Nxd4 Nf6 5. Nc3 d6 6. Bc4 a6 7. a4 Be7 8. Be3 Qc7 9. Qd3 Nbd7 10. Bxe6 Ne5 11. Bxf7+ Nxf7 12. f4 0-0 13. h3 Re8 14. g4 Bf8 15. g5 Nxe4 16. Nxe4 Qe7 17. 0-0-0 Qxe4 18. Rhe1 Qxd3 19. Rxd3 Bxh3 20. f5 Ne5 21. Rc3 Nc6 22. Nxc6 bxc6 23. f6 Bg2 24. Rg1 Be4 25. Rf1 Bd5 26. Bd2 c5 27. b3 Re2 28. Rg3 Bf7 29. Bc3 Bg6 0-1

[Event "POL-chT3 Slaskie"]
[Site "Poland"]
[Date "2008.03.02"]
[Round "5.3"]
[White "Matlak, Jacek"]
[Black "Surman, Martin"]
[Result "1/2-1/2"]
[WhiteElo "2256"]
[BlackElo "2104"]
[PlyCount "58"]
[EventDate "2008.02.03"]
[EventType "team-swiss"]
[EventRounds "9"]
[EventCountry "POL"]
[SourceTitle "EXT 2019"]
[Source "ChessBase"]
[SourceDate "2018.10.10"]
[SourceVersion "1"]
[SourceVersionDate "2018.10.10"]
[SourceQuality "1"]

1. d4 Nf6 2. Nf3 e6 3. Bg5 d5 4. e3 Nbd7 5. Bd3 Bd6 6. Nbd2 h6 7. Bh4 c5 8. c3 e5 9. dxe5 Bxe5 10. 0-0 0-0 11. e4 Qc7 12. exd5 Nxd5 13. Nc4 Bf4 14. Be4 N5f6 15. Bc2 b5 16. Ne3 Bb7 17. Qe2 Rfe8 18. Rfe1 Qc6 19. Qf1 Nf8 20. Rad1 Rad8 21. Rxd8 Rxd8 22. Nf5 Ng6 23. Ne7+ Nxe7 24. Rxe7 g5 25. Bg3 Bxg3 26. hxg3 Re8 27. Qe2 Kf8 28. Rxe8+ Qxe8 29. Kf1 Qxe2+ 1/2-1/2

[Event "Poznan op 16th"]
[Site "Poznan"]
[Date "2007.07.27"]
[Round "7"]
[White "Plukkel, Sjoerd"]
[Black "Surman, Martin"]
[Result "1-0"]
[WhiteElo "2179"]
[BlackElo "2080"]
[PlyCount "69"]
[EventDate "2007.07.21"]
[EventType "swiss"]
[EventRounds "9"]
[EventCountry "POL"]
[SourceTitle "EXT 2010"]
[Source "ChessBase"]
[SourceDate "2010.11.25"]
[SourceVersion "1"]
[SourceVersionDate "2010.11.25"]
[SourceQuality "1"]

1. e4 c5 2. Nf3 d6 3. d4 cxd4 4. Nxd4 Nf6 5. Nc3 a6 6. Bg5 Nbd7 7. f4 e6 8. Qf3 Qc7 9. 0-0-0 Be7 10. g4 h6 11. Qh3 b5 12. Bxf6 gxf6 13. f5 Nf8 14. fxe6 fxe6 15. Qh5+ Kd8 16. e5 d5 17. exf6 Bxf6 18. Nxd5 Bg5+ 19. Kb1 exd5 20. h4 Qd7 21. hxg5 Qxg4 22. Be2 Qxh5 23. Rxh5 Ne6 24. Rxh6 Rxh6 25. gxh6 Ke7 26. Nc6+ Kf6 27. Rxd5 Nf4 28. Rd6+ Be6 29. Bg4 Rg8 30. h7 Rh8 31. Bxe6 Nxe6 32. Nd8 Ke7 33. Rxe6+ Kxd8 34. Rxa6 Rxh7 35. Ra8+ 1-0

[Event "Lubawka op 2nd"]
[Site "Lubawka"]
[Date "2007.07.11"]
[Round "8"]
[White "Surman, Martin"]
[Black "Korpalski, Robert"]
[Result "1/2-1/2"]
[WhiteElo "2080"]
[BlackElo "2137"]
[PlyCount "57"]
[EventDate "2007.07.07"]
[EventType "swiss"]
[EventRounds "9"]
[EventCountry "POL"]
[SourceTitle "CBM 119 Extra"]
[Source "ChessBase"]
[SourceDate "2007.09.04"]
[SourceVersion "1"]
[SourceVersionDate "2007.09.04"]
[SourceQuality "1"]

1. e4 c5 2. Nf3 e6 3. c4 d5 4. exd5 exd5 5. cxd5 Nf6 6. Bb5+ Bd7 7. Qe2+ Qe7 8. 0-0 Qxe2 9. Bxe2 Nxd5 10. Nc3 Nb4 11. Bc4 Be7 12. Bb3 N8c6 13. a3 Nd3 14. Bc4 Nxc1 15. Raxc1 0-0 16. Ne4 Bg4 17. Bd5 Bxf3 18. Bxc6 Bxe4 19. Bxe4 Rad8 20. d3 b5 21. Rfd1 Rd4 22. Bf3 Rfd8 23. Be2 a5 24. b3 f5 25. Ra1 Rb8 26. a4 bxa4 27. Rxa4 Rxa4 28. bxa4 Bf6 29. Bf3 1/2-1/2

[Event "POL-chT3 Liga Slaska"]
[Site "Poland"]
[Date "2007.05.13"]
[Round "9"]
[White "Walach, Marcin"]
[Black "Surman, Martin"]
[Result "1-0"]
[WhiteElo "2365"]
[BlackElo "2096"]
[PlyCount "167"]
[EventDate "2007.01.28"]
[EventType "team-swiss"]
[EventRounds "9"]
[EventCountry "POL"]
[SourceTitle "EXT 2011"]
[Source "ChessBase"]
[SourceDate "2010.11.26"]
[SourceVersion "1"]
[SourceVersionDate "2010.11.26"]
[SourceQuality "1"]
[WhiteTeam "Czerwionka Gornik 23"]
[BlackTeam "Katowice UKS Palac Mlodziezy"]
[WhiteTeamCountry "POL"]
[BlackTeamCountry "POL"]

1. d4 Nf6 2. c4 e6 3. Nc3 Bb4 4. e3 0-0 5. Nge2 d5 6. a3 Be7 7. Nf4 dxc4 8. Bxc4 c5 9. 0-0 Nc6 10. dxc5 Bxc5 11. b4 Bd6 12. Bb2 Bxf4 13. exf4 b6 14. Nb5 Qe7 15. Qd6 Bb7 16. Rfd1 Rfd8 17. Qxe7 Nxe7 18. Rxd8+ Rxd8 19. Nxa7 Rd2 20. Bxf6 gxf6 21. Nb5 Ba6 22. Nd6 Rxd6 23. Bxa6 Nd5 24. Rd1 Rc6 25. g3 Rc3 26. Rd3 Rc2 27. f5 Nc7 28. fxe6 fxe6 29. Rd8+ Kf7 30. Bf1 Ke7 31. Rb8 Ra2 32. Rxb6 Rxa3 33. Rb8 Rb3 34. b5 Kd6 35. Rb6+ Kd7 36. Kg2 h6 37. Rb8 f5 38. h4 Rb4 39. h5 Kd6 40. Rh8 Nxb5 41. Rb8 Kc5 42. Bxb5 Rxb5 43. Rh8 Kd6 44. Rxh6 Ke7 45. Kh3 Kf7 46. Kh4 Rb2 47. Kg5 Rxf2 48. Rf6+ Ke7 49. Rg6 Rg2 50. Rg7+ Kf8 51. Kf6 f4 52. Ra7 Kg8 53. gxf4 Rg4 54. Ra4 Kh7 55. Kxe6 Rh4 56. Ra7+ Kg8 57. Kf5 Rh1 58. Kf6 Rb1 59. f5 Rb6+ 60. Ke7 Kg7 61. Rd7 Rf6 62. Ke8+ Kg8 63. Rd5 Rh6 64. Ke7 Rxh5 65. f6 Rxd5 66. f7+ Kh7 67. f8Q Re5+ 68. Kd6 Rg5 69. Qf7+ Kh8 70. Qf6+ Rg7 71. Ke6 Kh7 72. Qh4+ Kg8 73. Qh5 Rg1 74. Qe8+ Kh7 75. Qf7+ Kh8 76. Qf8+ Kh7 77. Qf5+ Kg8 78. Kf6 Rg7 79. Qh5 Rg1 80. Qe8+ Kh7 81. Qd7+ Kh8 82. Qc8+ Kh7 83. Qc7+ Kg8 84. Qb8+ 1-0

[Event "POL-chT3 Liga Slaska"]
[Site "Poland"]
[Date "2007.01.28"]
[Round "2"]
[White "Dors, Ryszard"]
[Black "Surman, Martin"]
[Result "1-0"]
[WhiteElo "2205"]
[BlackElo "2096"]
[PlyCount "83"]
[EventDate "2007.01.28"]
[EventType "team-swiss"]
[EventRounds "9"]
[EventCountry "POL"]
[SourceTitle "EXT 2011"]
[Source "ChessBase"]
[SourceDate "2010.11.26"]
[SourceVersion "1"]
[SourceVersionDate "2010.11.26"]
[SourceQuality "1"]
[WhiteTeam "Ruda Slaska KS DORS"]
[BlackTeam "Katowice UKS Palac Mlodziezy"]
[WhiteTeamCountry "POL"]
[BlackTeamCountry "POL"]

1. Nf3 d5 2. g3 Nf6 3. Bg2 Bf5 4. c4 c6 5. cxd5 cxd5 6. Qb3 Qd7 7. Ne5 Qc7 8. Nc3 Nc6 9. Nxc6 bxc6 10. d4 Qb6 11. Qa4 Bd7 12. 0-0 e6 13. Qd1 c5 14. Na4 Qb5 15. Nxc5 Bxc5 16. dxc5 Qxc5 17. Bg5 Qb5 18. Qd4 Ke7 19. Rfd1 Rhd8 20. Rd3 Qb6 21. Qe5 h6 22. Be3 Qd6 23. Qc3 Rdc8 24. Qa5 Qc7 25. Qa3+ Ke8 26. Rc3 Qb7 27. Bc5 Nh7 28. Bf3 Bb5 29. Qb4 Bc6 30. Qf4 Ng5 31. Qd6 Nh7 32. Ba3 Qd7 33. Qb4 Rab8 34. Qd4 Nf6 35. Rac1 a6 36. h4 Bb7 37. Qb4 Nh7 38. Qg4 g6 39. Qf4 g5 40. Qd4 f6 41. Bh5+ Kd8 42. Qb6+ 1-0

[Event "Lubawka op"]
[Site "Lubawka"]
[Date "2006.07.14"]
[Round "7"]
[White "Surman, Martin"]
[Black "Krupa, Monika"]
[Result "1/2-1/2"]
[WhiteElo "2073"]
[BlackElo "2251"]
[PlyCount "32"]
[EventDate "2006.07.08"]
[EventType "swiss"]
[EventRounds "9"]
[EventCountry "POL"]
[SourceTitle "EXT 2008"]
[Source "ChessBase"]
[SourceDate "2007.11.25"]
[SourceVersion "1"]
[SourceVersionDate "2007.11.25"]
[SourceQuality "1"]

1. e4 e6 2. d4 d5 3. Nc3 Bb4 4. Nge2 dxe4 5. a3 Be7 6. Nxe4 Nf6 7. N2g3 0-0 8. Be2 Nc6 9. c3 Nd5 10. 0-0 f5 11. Nd2 e5 12. dxe5 Nxe5 13. Nf3 Ng4 14. Bc4 c6 15. h3 Ngf6 16. Qd3 g6 1/2-1/2

[Event "Lubawka op"]
[Site "Lubawka"]
[Date "2006.07.11"]
[Round "4"]
[White "Surman, Martin"]
[Black "Sanetra, Szymon"]
[Result "1/2-1/2"]
[WhiteElo "2073"]
[BlackElo "2040"]
[PlyCount "62"]
[EventDate "2006.07.08"]
[EventType "swiss"]
[EventRounds "9"]
[EventCountry "POL"]
[SourceTitle "EXT 2008"]
[Source "ChessBase"]
[SourceDate "2007.11.25"]
[SourceVersion "1"]
[SourceVersionDate "2007.11.25"]
[SourceQuality "1"]

1. e4 c6 2. d4 d5 3. Nc3 dxe4 4. Nxe4 Bf5 5. Ng3 Bg6 6. h4 h6 7. Nf3 Nd7 8. h5 Bh7 9. Bd3 Bxd3 10. Qxd3 e6 11. Bf4 Qa5+ 12. Bd2 Qc7 13. 0-0-0 Ngf6 14. Ne4 0-0-0 15. g3 Nxe4 16. Qxe4 Nf6 17. Qe2 Bd6 18. Kb1 Qe7 19. Ne5 Bc7 20. Be3 Nd5 21. c4 Nxe3 22. Qxe3 Bxe5 23. Qxe5 Qg5 24. f4 Qxe5 25. dxe5 Kc7 26. Kc2 Kb6 27. b4 c5 28. a3 Kc6 29. b5+ Kc7 30. Rxd8 Rxd8 31. Rd1 Rxd1 1/2-1/2

[Event "Lubawka op"]
[Site "Lubawka"]
[Date "2006.07.10"]
[Round "3"]
[White "Lagowski, Patryk"]
[Black "Surman, Martin"]
[Result "1-0"]
[WhiteElo "2392"]
[BlackElo "2073"]
[PlyCount "37"]
[EventDate "2006.07.08"]
[EventType "swiss"]
[EventRounds "9"]
[EventCountry "POL"]
[SourceTitle "EXT 2008"]
[Source "ChessBase"]
[SourceDate "2007.11.25"]
[SourceVersion "1"]
[SourceVersionDate "2007.11.25"]
[SourceQuality "1"]

1. d4 Nf6 2. c4 e6 3. g3 d5 4. Bg2 c6 5. Nf3 Bd6 6. Nbd2 Nbd7 7. 0-0 0-0 8. Qc2 e5 9. cxd5 Nxd5 10. Nc4 Qe7 11. Nxd6 Qxd6 12. e4 N5f6 13. Be3 exd4 14. Bxd4 Qe7 15. Rfe1 Re8 16. Nh4 Nf8 17. e5 Nd5 18. Bc5 Qc7 19. Bxf8 1-0

[Event "POL-ch U18"]
[Site "Leba"]
[Date "2006.03.29"]
[Round "7"]
[White "Butkiewicz, Lukasz"]
[Black "Surman, Martin"]
[Result "1-0"]
[WhiteElo "2217"]
[BlackElo "2052"]
[PlyCount "65"]
[EventDate "2006.03.25"]
[EventType "swiss"]
[EventRounds "11"]
[EventCountry "POL"]
[SourceTitle "CBM 111 Extra"]
[Source "ChessBase"]
[SourceDate "2006.05.09"]
[SourceVersion "1"]
[SourceVersionDate "2006.05.09"]
[SourceQuality "1"]

1. b3 c5 2. Bb2 Nc6 3. e3 d5 4. f4 Nf6 5. Nf3 Bg4 6. Be2 Bxf3 7. Bxf3 e6 8. 0-0 Bd6 9. c4 0-0 10. Bxf6 Qxf6 11. Nc3 d4 12. Bxc6 bxc6 13. Na4 e5 14. Qf3 Rae8 15. Qxc6 exf4 16. exf4 Qh6 17. Qf3 Re6 18. Nb2 g5 19. Nd3 gxf4 20. Nxf4 Rf6 21. Qh5 Qg7 22. Qh4 Bxf4 23. Rxf4 Rxf4 24. Qxf4 Re8 25. Qf3 d3 26. Rf1 Qg6 27. h3 Re2 28. Rf2 Re1+ 29. Kh2 Ra1 30. Qa8+ Kg7 31. Rf3 Qd6+ 32. Rg3+ Kf6 33. Qh8+ 1-0

[Event "POL-ch U18"]
[Site "Leba"]
[Date "2006.03.28"]
[Round "5"]
[White "Maciejczak, Jakub"]
[Black "Surman, Martin"]
[Result "0-1"]
[WhiteElo "2235"]
[BlackElo "2052"]
[PlyCount "78"]
[EventDate "2006.03.25"]
[EventType "swiss"]
[EventRounds "11"]
[EventCountry "POL"]
[SourceTitle "CBM 111 Extra"]
[Source "ChessBase"]
[SourceDate "2006.05.09"]
[SourceVersion "1"]
[SourceVersionDate "2006.05.09"]
[SourceQuality "1"]

1. e4 c5 2. Nc3 a6 3. g3 b5 4. Bg2 Bb7 5. d3 e6 6. f4 d5 7. e5 h5 8. Nf3 Nh6 9. Ne2 Nc6 10. 0-0 Qc7 11. c3 Be7 12. h3 0-0-0 13. d4 c4 14. Ne1 Rdg8 15. Nc2 g5 16. fxg5 Bxg5 17. Nf4 Nf5 18. Nxh5 Bxc1 19. Rxc1 Nxg3 20. Nxg3 Rxg3 21. Ne1 Qe7 22. Rf6 Qf8 23. Qd2 Qg8 24. Qf4 Rh7 25. Kh2 Rg5 26. h4 Rg4 27. Qf2 Rgxh4+ 28. Qxh4 Rxh4+ 29. Bh3 Nxe5 30. dxe5 Qg5 31. Nf3 Qxc1 32. Nxh4 Qxb2+ 33. Ng2 Qxc3 34. Rxf7 Qxe5+ 35. Nf4 c3 36. Bxe6+ Kb8 37. Rf5 Qh8+ 38. Kg2 c2 39. Nd3 Qc3 0-1

[Event "POL-ch U18"]
[Site "Leba"]
[Date "2006.03.26"]
[Round "2"]
[White "Surman, Martin"]
[Black "Zwolakiewicz, Krzysztof"]
[Result "1/2-1/2"]
[WhiteElo "2052"]
[BlackElo "1966"]
[PlyCount "52"]
[EventDate "2006.03.25"]
[EventType "swiss"]
[EventRounds "11"]
[EventCountry "POL"]
[SourceTitle "CBM 111 Extra"]
[Source "ChessBase"]
[SourceDate "2006.05.09"]
[SourceVersion "1"]
[SourceVersionDate "2006.05.09"]
[SourceQuality "1"]

1. e4 c5 2. Nf3 d6 3. d4 cxd4 4. Nxd4 Nf6 5. f3 e6 6. c4 Qb6 7. Nc3 Bd7 8. Be2 Be7 9. Be3 e5 10. Nc2 Qc7 11. 0-0 0-0 12. Kh1 a6 13. Bg5 Be6 14. Bxf6 Bxf6 15. Ne3 Nc6 16. Ncd5 Qd8 17. Nxf6+ gxf6 18. Qd2 Qa5 19. Qxa5 Nxa5 20. Rfd1 Rfd8 21. Rd2 Nc6 22. Nc2 Kf8 23. b4 Rac8 24. Kg1 Ne7 25. Ne3 Nc6 26. Nc2 Ne7 1/2-1/2

[Event "POL-chT U19 36th 1st League"]
[Site "Koszalin"]
[Date "2005.07.13"]
[Round "11"]
[White "Surman, Martin"]
[Black "Bobula, Mateusz"]
[Result "1/2-1/2"]
[WhiteElo "2058"]
[BlackElo "2164"]
[PlyCount "59"]
[EventDate "2005.07.05"]
[EventType "team-tourn"]
[EventRounds "11"]
[EventCountry "POL"]
[SourceTitle "CBM 107 Extra"]
[Source "ChessBase"]
[SourceDate "2005.09.01"]
[SourceVersion "1"]
[SourceVersionDate "2005.09.01"]
[SourceQuality "1"]
[WhiteTeam "Katowice Start U19"]
[BlackTeam "Rybnik MKSz U19"]
[WhiteTeamCountry "POL"]
[BlackTeamCountry "POL"]

1. c4 c5 2. e4 d6 3. Nc3 Nf6 4. Nge2 g6 5. d4 cxd4 6. Nxd4 Bg7 7. Be2 0-0 8. 0-0 Nc6 9. Be3 Bd7 10. Rc1 a6 11. a3 Rb8 12. b4 Nxd4 13. Bxd4 b5 14. e5 Ne8 15. exd6 Nxd6 16. Bxg7 Kxg7 17. c5 Nf5 18. Bf3 Be6 19. Bd5 Qc8 20. Bxe6 Qxe6 21. Re1 Qc6 22. Qd5 Qxd5 23. Nxd5 e6 24. Nb6 Rfd8 25. Rcd1 Nd4 26. Kf1 Nc6 27. Nd7 Rb7 28. Nb6 Rbb8 29. Nd7 Rb7 30. Nb6 1/2-1/2

[Event "POL-chT U19 36th 1st League"]
[Site "Koszalin"]
[Date "2005.07.09"]
[Round "6"]
[White "Brzeski, Maciej"]
[Black "Surman, Martin"]
[Result "1/2-1/2"]
[WhiteElo "2249"]
[BlackElo "2058"]
[PlyCount "80"]
[EventDate "2005.07.05"]
[EventType "team-tourn"]
[EventRounds "11"]
[EventCountry "POL"]
[SourceTitle "CBM 107 Extra"]
[Source "ChessBase"]
[SourceDate "2005.09.01"]
[SourceVersion "1"]
[SourceVersionDate "2005.09.01"]
[SourceQuality "1"]
[WhiteTeam "Warszawa Polonia U19"]
[BlackTeam "Katowice Start U19"]
[WhiteTeamCountry "POL"]
[BlackTeamCountry "POL"]

1. e4 c5 2. Nc3 a6 3. a4 e6 4. g3 d5 5. Bg2 d4 6. Nce2 d3 7. cxd3 Nc6 8. Nf3 Nb4 9. 0-0 Nxd3 10. Ne1 Ne7 11. Nxd3 Qxd3 12. Ra3 Qd8 13. d4 cxd4 14. Nxd4 e5 15. Nc2 Qxd1 16. Rxd1 Nc6 17. Rb3 Be7 18. Be3 0-0 19. Rd5 Rb8 20. Bb6 Be6 21. Bc7 Rbc8 22. Rxb7 Bxd5 23. exd5 Nd8 24. Bxd8 Rfxd8 25. Be4 Bf6 26. b4 Rc4 27. f3 Bg5 28. Kf1 g6 29. g4 Rdc8 30. Ne1 Rc1 31. Ke2 Ra1 32. Nc2 Rxa4 33. d6 Ra2 34. Rc7 Rd8 35. d7 Kf8 36. Kd3 Ke7 37. Kc3 Rxd7 38. Rxd7+ Kxd7 39. Kb3 Rxc2 40. Bxc2 Kc6 1/2-1/2